Dinosaury maľovanka

Bibliographic Details
Other Authors: Mikulčík, Fedor (Illustrator), Dobiášová, Viera (gup)
Format: Book
Language:Slovak
PhysicalDescription:[12] s. ilustr. 21x15 cm
Published: [Bratislava] Regent [2002]
ISBN:8088904080
Subjects:

MARC

LEADER 00000nam a2200000 a 4500
001 vtls001447535
003 SK-MaSNL
005 20260426004703.0
008 160318s2002 xo 0 slo
015 |a SNBG2003/01-00459 
020 |a 8088904080 
035 |a SNK000402794 
040 |a SNK  |b slo  |c SNK  |e AACR2 
041 0 |a slo 
044 |a xo  |c SK 
080 |a 087.5(084.11)  |2 2. stred. slo 
245 1 |a Dinosaury  |h grafika  |b maľovanka  |c ilustroval Fedor Mikulčík ; námet a grafická úprava: Viera Dobiášová 
260 |a [Bratislava]  |b Regent  |c [2002] 
300 |a [12] s.  |b ilustr.  |c 21x15 cm 
650 0 7 |a maľovanky  |2 SNK  |9 60443 
700 1 |a Mikulčík, Fedor  |4 ill  |9 10811 
700 1 |a Dobiášová, Viera  |4 gup  |9 7102 
919 |a 80-88904-08-0 
958 |a GOM 
958 |a TL 
958 |a BQ 
958 |a DB 
999 |c 986969  |d 988899 
952 |t P60, <03>, [BOOK], {603}  |a SNK  |b SNK  |y PREZ  |7 0  |p 17A0371332  |o snkOSE 3875  |i snkKSP 409/2003  |0 0  |1 0  |4 0  |d 2003-01-15  |l 0  |r 2005-01-02 00:00:00  |w 2026-02-24 
952 |t P60, <04>, [BOOK], {604}  |a SNK  |b SNK  |y VYP  |7 0  |p 17A0371333  |o snkOSE 3875 D1  |i snkKSP 410/2003  |0 0  |1 0  |4 0  |d 2003-01-15  |l 0  |r 2005-01-02 00:00:00  |w 2026-02-24